Music Quiz

Random Music or Song Quiz
Score 0/233 Timer 10:00
0 Plays Today
% Correct
the
95.9%
the
95.9%
the
95.9%
the
95.9%
the
95.9%
and
95.9%
the
95.9%
the
95.9%
the
95.9%
the
95.9%
the
95.9%
the
95.9%
the
95.9%
the
95.9%
and
95.9%
the
95.9%
the
95.9%
i
89%
i
89%
i
89%
i
89%
i
89%
i
89%
i
89%
to
63%
to
63%
to
63%
to
63%
to
63%
to
63%
to
63%
to
63%
be
61.6%
be
61.6%
be
61.6%
be
61.6%
be
61.6%
be
61.6%
be
61.6%
be
61.6%
be
61.6%
be
61.6%
be
61.6%
be
61.6%
be
61.6%
be
61.6%
be
61.6%
in
54.8%
it
53.4%
it
53.4%
it
53.4%
it
53.4%
it
53.4%
it
53.4%
it
53.4%
it
53.4%
it
53.4%
it
53.4%
it
53.4%
it
53.4%
my
52.1%
go
52.1%
go
52.1%
will
52.1%
my
52.1%
my
52.1%
so
50.7%
so
50.7%
so
50.7%
so
50.7%
so
50.7%
so
50.7%
so
50.7%
so
50.7%
so
50.7%
so
50.7%
so
50.7%
so
50.7%
% Correct
death
49.3%
death
49.3%
death
49.3%
one
47.9%
one
47.9%
one
47.9%
one
47.9%
of
46.6%
of
46.6%
of
46.6%
die
46.6%
die
46.6%
kill
38.4%
kill
38.4%
kill
38.4%
im
35.6%
im
35.6%
im
35.6%
im
35.6%
im
35.6%
im
35.6%
live
34.2%
man
32.9%
man
32.9%
there
32.9%
let
31.5%
let
31.5%
let
31.5%
let
31.5%
let
31.5%
let
31.5%
let
31.5%
let
31.5%
let
31.5%
let
31.5%
let
31.5%
let
31.5%
let
31.5%
here
30.1%
down
30.1%
here
30.1%
here
30.1%
by
28.8%
with
28.8%
by
28.8%
by
28.8%
by
28.8%
by
28.8%
every
27.4%
first
27.4%
first
27.4%
first
27.4%
first
27.4%
first
27.4%
fire
26%
blood
26%
fire
26%
hand
26%
creep
26%
hand
26%
creep
26%
creep
26%
blood
26%
blood
26%
done
24.7%
done
24.7%
done
24.7%
land
24.7%
red
24.7%
done
24.7%
done
24.7%
land
24.7%
land
24.7%
done
24.7%
done
24.7%
fear
23.3%
chosen
23.3%
son
23.3%
% Correct
creeping
23.3%
now
23.3%
chosen
23.3%
son
23.3%
creeping
23.3%
across
23.3%
across
23.3%
chosen
23.3%
son
23.3%
creeping
23.3%
born
21.9%
something
21.9%
written
21.9%
sent
21.9%
written
21.9%
born
21.9%
written
21.9%
sent
21.9%
written
21.9%
born
21.9%
killing
21.9%
born
21.9%
killing
21.9%
born
21.9%
born
21.9%
written
21.9%
sent
21.9%
written
21.9%
born
21.9%
his
20.5%
must
20.5%
serve
19.2%
wait
19.2%
people
19.2%
darkness
19.2%
darkness
19.2%
pharaoh
17.8%
word
17.8%
pharaoh
17.8%
pharaoh
17.8%
soon
17.8%
pharaoh
17.8%
slaves
16.4%
running
16.4%
strong
16.4%
rule
16.4%
air
16.4%
destroyer
16.4%
hebrews
15.1%
hundred
15.1%
long
15.1%
midnight
15.1%
shall
15.1%
shall
15.1%
heed
13.7%
four
13.7%
years
13.7%
thee
13.7%
nile
13.7%
final
13.7%
unknown
12.3%
three
12.3%
hail
12.3%
steps
12.3%
pass
12.3%
deliverer
11%
bush
11%
deadly
11%
faith
9.6%
Goshen
9.6%
mass
9.6%
days
8.2%
Plague
6.8%
lambs
6.8%
painted
6.8%
door
6.8%
floor
5.5%
Remove Ads.
Support Sporcle.
Get the best of Sporcle when you Go Orange. This ad-free experience offers more features, more stats, and more fun while also helping to support Sporcle. Thank you for becoming a member.

You're not logged in!

Compare scores with friends on all Sporcle quizzes.
OR
Log In

Show Comments

Extras

Created Jan 19, 2013ReportNominate
Tags:Song Quiz, metal

Top Quizzes Today


Score Distribution

Your Account Isn't Verified!

In order to create a playlist on Sporcle, you need to verify the email address you used during registration. Go to your Sporcle Settings to finish the process.

Report this User

Report this user for behavior that violates our Community Guidelines.

Details: